000 00849aab a2200193 i 4500
001 768714001
003 CO-MdFUSB
005 20240618062716.0
008 240327t1988 ag ||||| |||| 00| 0 spa d
040 _bspa
_cCO-MdFUSB
041 _aspa
100 1 _aBreneman, Mervin (1930-)
_eautor
245 1 3 _aEl mensajero de Dios demanda una decisión
_c/ Mervin Breneman
300 _aVolumen 7, número 3 (septiembre, 1988), páginas: 30 - 31
_c; 27 cm
520 _aLa decisión de creer en Cristo, de entregarse a él, de obedecer lo que ha revelado en su Palabra y por la dirección de su Espíritu, a menudo obliga a ir contra la corriente del pensamiento y las costumbres de moda.
650 0 _aMisiones
_9154
773 0 _tIglesia y Misión
_049402
_959672
_gVolumen 7, número 3 (septiembre, 1988), páginas: 30 - 31
_qpáginas: 30
942 _cANA
999 _c51777
_d51777